| 000 | 00496nam a22001697a 4500 | ||
|---|---|---|---|
| 005 | 20240802105349.0 | ||
| 008 | 160803b xxu||||| |||| 00| 0 eng d | ||
| 020 | _a9780470590805 | ||
| 040 | _cPK-LaUMT | ||
| 082 |
_a320.973 _bPAL-H |
||
| 100 |
_aPalmer, Parker J. _91338 |
||
| 245 |
_aHealing the heart of democracy : _bthe courage to create a politics worthy of the human spirit / |
||
| 260 |
_aHoboken: _bJossay-Bass, _c2011 |
||
| 300 | _a236 p. | ||
| 650 |
_aCitizen-USA _91339 |
||
| 942 | _cBK | ||
| 999 |
_c86684 _d86684 |
||